| 000 | 00800nam a22002177a 4500 | ||
|---|---|---|---|
| 005 | 20150324154423.0 | ||
| 008 | 140714b xxu||||| |||| 00| 0 Urdu d | ||
| 010 | _aUR-8783 | ||
| 020 | q | _c200.00 | |
| 035 | _aU-7338 | ||
| 037 | _bDBAD/Pub. | ||
| 040 |
_aDPL _bUrdu |
||
| 082 | _a840.7 | ||
| 100 | _aفا ر و قی عبد القا د ر غيا ث الد ين | ||
| 245 |
_aا مر يکہ مين گلز ا ر ا ر د و ا د ب _bفا ر و قی عبد القا د ر غيا ث الد ين |
||
| 246 |
_aAmerica mein Gulzar-e- Urdu Adab _bByAbdul Qadeer Ghyasuddin Farooqui |
||
| 260 |
_aKarnataka India _bSakafia Eductional Trust _c2011 |
||
| 270 | _aC/O S.S.Mukbil SadatSakaf Roza,Bijapur,586101 | ||
| 300 |
_a194ص _b22C.m.(PB) |
||
| 942 |
_2ddc _cUR _h840.7 _mف ا ر |
||
| 999 |
_c92463 _d92463 |
||